| 000 | 00935nam a2200289 a 4500 | ||
|---|---|---|---|
| 001 | 84952 | ||
| 003 | BD-RjUL | ||
| 005 | 20250519155651.0 | ||
| 008 | 250519r19931980enka 001 0 eng d | ||
| 020 | _a0080264824 | ||
| 020 | _a0080264816 | ||
| 035 | _a(BD-RjUL)84952 | ||
| 040 |
_aBD-RjUL _beng _cBD-RjUL |
||
| 041 | _aeng | ||
| 082 |
_223 _a535 _bBOP 1993 |
||
| 100 | 1 |
_aBorn, Max _d1882-1970. _9212420 |
|
| 245 | 1 | 0 |
_aPrinciples of optics : _belectromagnetic theory of propagation, interference and diffraction of light / _cby Max Born and Emil Wolf ; with contributions by A. B. Bhatia ... [et al.]. |
| 250 | _a6th ed. | ||
| 260 |
_aOxford : _bPergamon, _c1980, [reprinted 1993] |
||
| 300 |
_axxviii, 806 p. : _bill. ; _c25 cm. |
||
| 500 | _aIncludes index | ||
| 650 | 0 |
_aOptics _9212421 |
|
| 650 | 0 |
_aElectromagnetic theory _9117647 |
|
| 700 | 1 |
_aWolf, Emil. _915527 |
|
| 700 | 1 |
_aBhatia, A. B. _915528 |
|
| 942 |
_2ddc _cBK |
||
| 999 |
_c84952 _d84952 |
||